000 00621nam a2200193Ia 4500
005 20250508165517.0
008 008 250505s9999 xx 000 0 eng d
037 _aTheses
040 _aFEDL
_beng
_cFEDL
041 _aeng
_2eng
084 _a371.39, SIN/TH
_qFEDL
100 _aSingh Anu
_9550180
245 0 _aScience teachers' current pedagogies, their context and their pedagogical experiences with an ICT intervention: A study
260 _c2014
300 _aviii, 432p.
546 _aPH.D Thesis (Delhi University); C D Included
942 _cTH
_h371.39, SIN/TH
999 _c1395561
_d1395561